Coxeter groups and Hopf algebras

Αποθηκεύτηκε σε:
Λεπτομέρειες βιβλιογραφικής εγγραφής
Κύριος συγγραφέας: Aguiar, Marcelo
Άλλοι συγγραφείς: Mahajan, Swapneel
Μορφή: Βιβλίο
Γλώσσα:English
Δημοσίευση: Providence, R.I. : American Mathematical Society, c2006
Σειρά:Fields Institute monographs ; ; 23
Θέματα:
Ετικέτες: Προσθήκη ετικέτας
Δεν υπάρχουν, Καταχωρήστε ετικέτα πρώτοι!

MARC

LEADER 00000nam a2200000 i 4500
001 1/61965
008 071106s2006 eng d
020 |a 0-8218-3907-1 
035 |l 10092107 
040 |a GR-MY-UA  |b gre  |e aacr 
041 0 |a eng 
082 0 |a 512.55  |2 (22) 
100 1 |a Aguiar, Marcelo. 
245 1 0 |a Coxeter groups and Hopf algebras /  |c Marcelo Aguiar, Swapneel Mahajan 
260 |a Providence, R.I. :   |b American Mathematical Society,   |c c2006 
300 |a xvi, 181 σ.;  |b εικ.;  |c 25 εκ. 
490 1 |a Fields Institute monographs  |v ; 23 
504 |a Περιλαμβάνει βιβλιογραφικές παραπομπές (σ. 165-169) και ευρετήριο 
650 0 0 |a Hopf algebras. 
650 0 0 |a Coxeter groups. 
700 1 |a Mahajan, Swapneel. 
830 0 |a Fields Institute monographs ;  |v ; 23 
852 |a INST  |b SAMOS  |e 20071106  |h 512.55 AGU  |p 005300027898  |q 005300027898  |t BK  |y 0 
901 |a BIBL3-2007-3 
909 |a Σ  |b 139194 
922 |a 3ΕΛΗ  |b 200709  |c ΕΠΕΑΕΚ2/ΤΜΗΜΑ ΜΑΘΗΜΑΤΙΚΩΝ  |d ΠΑΠΑΣΩΤΗΡΙΟΥ 
970 |a ΡΟΥΣΣΟΥ  |b ΚΩΝΣΤΑΝΤΙΝΑ  |z 2007/11/06